000 00641nam a2200253Ia 4500
005 20260306154539.0
008 008 260114s9999 xx 000 0 eng d
020 _a9781107447370
037 _aEBOOK
040 _aCRL
040 _beng
040 _cCRL
041 _2eng
041 _aeng
084 _qCRL
100 _aWright
245 3 _aAn Original Theory or New Hypothesis of the Universe, Founded upon the Laws of Nature
260 _bCambridge University Press
260 _c2015
650 _a Philosophy
856 _uhttps://doi.org/10.1017/CBO9781107447370
942 _cEBOOK
999 _c1707956
_d1707956